College business English

Bibliographic Details
Main Authors: Romine, Jack S. (Author), Hanson, Ladine (Author), Holdridge, Thelma (Author)
Format: Book
Published: Englewood Cliffs, NJ : Prentice-Hall , c1988
Edition:4th ed.
Subjects:

MARC

LEADER 00000cam a2200000 7i4500
001 0000008733
005 20070618093000.0
020 |a 0131418882 
090 0 0 |a PE1479.B87   |b R66 1988 
100 0 |a Romine, Jack S. ,   |e author 
245 0 0 |a College business English   |c Jack Romine, Ladine Hanson, Thelma Holdridge 
250 |a 4th ed. 
260 2 |a Englewood Cliffs, NJ :   |b Prentice-Hall ,   |c c1988 
300 |a xviii, 366 p. ; ;   |c 28 cm. 
650 0 |a Business writing 
650 0 |a English language   |x Business English 
650 0 |a English language   |x Grammar 
650 0 |a English language   |x Rhetoric 
700 0 |a Hanson, Ladine ,   |e author 
700 0 |a Holdridge, Thelma ,   |e author 
999 |a 1000041249   |b Book   |c OPEN SHELF (30 DAYS)   |e Gong Badak Campus 
999 |a 1000041250   |b Book   |c OPEN SHELF (30 DAYS)   |e Gong Badak Campus